书目信息 |
| 题名: |
共和国的脊梁:献给中华人民共和国建国五十周年
|
|
| 作者: | 刘荣兴 , 梁志林 主编 | |
| 分册: | ||
| 出版信息: | 保定 河北大学出版社 1999.03 |
|
| 页数: | 932页 | |
| 开本: | 32开 | |
| 丛书名: | ||
| 单 册: | ||
| 中图分类: | K820.7 | |
| 科图分类: | ||
| 主题词: | 人物--传记--中国 | |
| 电子资源: | ||
| ISBN: | 7-81028-515-7 | |
| 000 | 00700nam0 2200205 45 | |
| 001 | 0105131073 | |
| 005 | 20010513101212.9 | |
| 010 | @a7-81028-515-7@d56.00元 | |
| 100 | @a20010513d1999 km y0chiy0120 ea | |
| 101 | 0 | @achi |
| 105 | @a z 000yy | |
| 200 | 1 | @a共和国的脊梁:献给中华人民共和国建国五十周年@AGong He Guo De Ji Liang:Xian Gei Zhong Hua Ren Min Gong He Guo Jian Guo Wu Shi Zhou Nian@f刘荣兴,梁志林主编@FLiu Rong Xing,Liang Zhi Lin Zhu Bian |
| 210 | @a保定@c河北大学出版社@d1999.03 | |
| 215 | @a932页@d32开 | |
| 606 | 0 | @a人物@x传记@x中国 |
| 690 | @aK820.7@v3 | |
| 701 | 0 | @a刘荣兴@4主编 |
| 701 | 0 | @a梁志林@4主编 |
| 801 | @aCN@bPftUser@c20010513 | |
| 905 | @f2@b342548-549@dK820.7@eL897 | |
| 共和国的脊梁:献给中华人民共和国建国五十周年/刘荣兴,梁志林主编.-保定:河北大学出版社,1999.03 |
| 932页;32开 |
| ISBN 7-81028-515-7:56.00元 |
| ● |
| 相关链接 |
|
|
|
正题名:共和国的脊梁:献给中华人民共和国建国五十
索取号:K820.7/L897
 
预约/预借
| 序号 | 登录号 | 条形码 | 馆藏地/架位号 | 状态 | 备注 |
| 1 | 342548 | 203425481 | 社科库309/309社科库 45排2列2层/ [索取号:K820.7/L897] | 在馆 | |
| 2 | 342549 | 203425490 | 社科库309/309社科库 45排2列2层/ [索取号:K820.7/L897] | 在馆 |